| 000 | 004700000a22001930004500 | ||
|---|---|---|---|
| 001 | 004193 | ||
| 003 | MACL | ||
| 005 | 20150828153133.0 | ||
| 008 | 150828b xxu||||| |||| 00| 0 eng d | ||
| 040 |
_aMACL _cMACL |
||
| 041 | _aEnglish | ||
| 082 | _a750.9/SWA | ||
| 100 |
_aKrishna Swami, _97892 |
||
| 245 |
_aS.N. Swamy Paintings _cKrishna Swami |
||
| 260 |
_aBangalore _c2000 _bJanapada Academy, |
||
| 350 | _a350 | ||
| 650 |
_aPainting _97893 |
||
| 942 |
_k751 _cBK _2ddc |
||
| 999 |
_c16084 _d16084 |
||